| 000 | 00605nam a2200193Ia 4500 | ||
|---|---|---|---|
| 003 | SGT | ||
| 020 | _a9780070144941 | ||
| 082 | _a658.4038011 BRI | ||
| 100 | _aO'Brien,James A | ||
| 245 | _aManagement information systems | ||
| 250 | _a9th Ed. | ||
| 260 |
_bTata McGraw Hill Education Private Limited _aNew Delhi _c2010 |
||
| 300 | _a831p. | ||
| 650 | _aSYSTEMS MANAGEMENT | ||
| 653 | _aFUNDAMENTALS OF INFORMATION SYSTEMS IN BUSINESS, COMPETING WITH INFORMATION TECHNOLOGY, COMPUTER SOFTWARE, DATA RESOURCE MANAGEMENT | ||
| 700 | _aBehl,Ramesh | ||
| 700 | _aMarakas,George M | ||
| 942 |
_2ddc _cBK _07 |
||
| 999 |
_c4921 _d4921 |
||